000 00756nam a22002297a 4500
999 _c14783
_d14783
003 AR-CdUCM
008 190423b ||||| |||| 00| 0 spa d
020 _a978-84-683-0884-5
040 _aMUNICIPALIDAD PROVINCIAL DEL CUSCO
_cBIBLIOTECA MUNICIPAL DEL CUSCO
041 _hspa
082 _aEP / 801 /
_bP66
100 _aPlaza, José María
_926893
245 _aVentanales :
_bPoemas para mirar el mundo /
260 _aBarcelona :
_bEdebé,
_c2013.
300 _bIlustraciones,
_c20 cm.
505 _aContenido: Ventanales : Poemas para mirar el mundo.
650 _aPoemas infantiles
_933347
650 _aLectura infantil
_928296
700 _aRuiz de la Prada, Agatha (ilustraciones)
_933680
942 _2ddc
_cLIBROS
945 _acmm
_d2019-04-24